All foreign players Manchester City - Statistics

General Stats
  • This quiz has been taken 180 times
  • The average score is 57 of 229
Answer Stats
Hint Answer % Correct
Sergio Agüero
93%
Riyad Mahrez
91%
Bernardo Silva
87%
Ederson
86%
David Silva
85%
Kevin De Bruyne
85%
Yaya Touré
84%
Alioune Touré
82%
Kolo Touré
82%
Rúben Dias
82%
Nathan Aké
81%
İlkay Gündoğan
79%
Manuel Akanji
78%
Vincent Kompany
76%
Rodri
74%
Edin Džeko
73%
Emmanuel Adebayor
73%
Fernandinho
73%
Mario Balotelli
73%
Julián Álvarez
72%
Oleksandr Zinchenko
72%
Pablo Zabaleta
72%
Leroy Sané
70%
Aymeric Laporte
69%
69%
Alf-Inge Håland
68%
Erling Håland
68%
Mateo Kovačić
66%
Nicolás Otamendi
65%
João Cancelo
64%
Carlos Tévez
60%
Fernando
60%
Gaël Clichy
60%
Stefan Ortega
60%
Gabriel Jesus
59%
Samir Nasri
59%
Robinho
57%
Aleksandar Kolarov
56%
Benjamin Mendy
56%
Claudio Bravo
55%
Joško Gvardiol
55%
Bacary Sagna
53%
Stefan Savić
53%
Jesús Navas
52%
Martín Demichelis
51%
Stevan Jovetić
51%
Ferran Torres
50%
Jérémy Doku
50%
Eric García
49%
Javi García
49%
Aleix García
48%
Manu García
48%
Eliaquim Mangala
47%
Brahim Díaz
46%
Kasper Schmeichel
46%
Nigel De Jong
45%
Willy Caballero
45%
Alvaro Negredo
44%
Peter Schmeichel
44%
Danilo
40%
Zack Steffen
40%
Matija Nastasić
39%
Jérôme Boateng
37%
Nana Boateng
36%
Oscar Bobb
36%
Sergio Gómez
36%
Wilfried Bony
36%
Matheus Nunes
35%
Nolito
35%
Nicolas Anelka
34%
George Weah
31%
Kelechi Iheanacho
31%
Patrick Vieira
30%
Elano
28%
Angeliño
26%
Dietmar Hamann
26%
Martin Petrov
26%
Maicon
25%
Tal Ben Haim
25%
Daniel Van Buyten
24%
Roque Santa Cruz
24%
Costel Pantilimon
23%
Dedryck Boyata
22%
Georgios Samaras
22%
Aro Murić
21%
Claudio Reyna
21%
Giorgi Kinkladze
21%
Jihai Sun
21%
Shaun Goater
21%
Sylvain Distin
21%
Vedran Ćorluka
21%
Gelson Fernandes
20%
Valeri Bojinov
20%
David Pizarro
18%
Felipe Caicedo
18%
Paulo Wanchope
18%
Rolando Bianchi
17%
Sylvinho
17%
Andrey Kanchelskis
16%
Bernardo Corradi
16%
David González
16%
Eyal Berkovic
16%
John Guidetti
16%
Marc-Vivien Foé
16%
Máximo Perrone
15%
Ali Benarbia
14%
Andreas Isaksson
14%
Claudio Gomes
14%
Géovanni
14%
Jason Denayer
14%
Benjani
13%
DaMarcus Beasley
13%
Ousmane Dabo
13%
Uwe Rösler
13%
Albert Riera
12%
Denis Suárez
12%
Émile Mpenza
12%
Javi Garrido
12%
Karim Rekik
12%
Kayky
12%
Niclas Jensen
12%
Paul Bosvelt
12%
Vladimír Weiss
12%
Douglas Luiz
11%
Hatem Trabelsi
11%
José Pozo
11%
Kiki Musampa
11%
Michael Tarnat
11%
Rony Lopes
11%
Antoine Sibierski
10%
David Sommeil
10%
Roméo Lavia
10%
Yangel Herrera
10%
Abdisalam Ibrahim
9%
Abdoul Razak
9%
Danny Tiatto
9%
Djamel Belmadi
9%
Gunnar Nielsen
9%
Laurent Charvet
9%
Maurizio Gaudino
9%
Pablo Maffeo
9%
Bersant Celina
8%
Danny Allsopp
8%
Dickson Etuhu
8%
Eike Immel
8%
Gláuber
8%
Kelvin Etuhu
8%
Marlos Moreno
8%
Yan Couto
8%
Bert Trautmann
7%
Bruno Zuculini
7%
Egil Østenstad
7%
Erik Palmer-Brown
7%
Felix Nmecha
7%
Fitzroy Simpson
7%
Gerard Wiekens
7%
Lukas Nmecha
7%
Márton Fülöp
7%
Michael Frontzeck
7%
Michel Vonk
7%
Mikkel Bischoff
7%
Nery Castillo
7%
Pedro Porro
7%
Alex Robertson
6%
Kevin Stuhr-Ellegaard
6%
Lucien Mettomo
6%
Mix Diskerud
6%
Robert Mak
6%
Steffen Karl
6%
Geert De Vlieger
5%
Kåre Ingebrigtsen
5%
Kasimierz Deyna
5%
Ko Itakura
5%
Mikhail Kavelashvili
5%
Philippe Sandler
5%
Ronnie Ekelund
5%
Terry Dunfield
5%
Adrián Bernabé
4%
Árni Arason
4%
Christian Negouai
4%
Daniel Arzani
4%
David Faupala
4%
Djamel Abdoun
4%
Frédéric Veseli
4%
Issa Kabore
4%
Luca Scapuzzi
4%
Matías Vuoso
4%
Murtaz Shelia
4%
Ronald Waterreus
4%
Simon Colosimo
4%
Chris Killen
3%
Gerónimo Rulli
3%
Jérémy Helan
3%
Kakhaber Tskhadadze
3%
Loris Karius
3%
Luke Brattan
3%
Thierry Ambrose
3%
Tom Dele-Bashiru
3%
Åge Hareide
2%
Ante Palaversa
2%
Anthony Cáceres
2%
Colin Viljoen
2%
Danny Hoekman
2%
Diego Rosa
2%
Dino Toppmöller
2%
Dragoslav Stepanović
2%
Eduard Abazi
2%
Eirik Johansen
2%
Enes Ünal
2%
Filip Stevanović
2%
Fons Groenendijk
2%
Gerry Baker
2%
Giuseppe Mazzarelli
2%
Hussain Yasser
2%
Ivan Golac
2%
Jason Van Blerk
2%
Joan Román
2%
Karim Kerkar
2%
Nahuel Bustos
2%
Olivier Ntcham
2%
Omar Elabdellaoui
2%
Rubén Sobrino
2%
Ryotaro Meshino
2%
Sinan Bytyqi
2%
Tyrone Loran
2%
Tyrone Mears
2%
Alpha Dionkou
1%
Gai Assulin
1%
Walter Bowman
1%
No matching quizzes found
Score Distribution
Percent of People with Each Score
Percentile by Number Answered
Your Score History
You have not taken this quiz